[Event "Landesliga Nord 0607"]
[Site "Bayern"]
[Date "2007.04.22"]
[Round "9.5"]
[White "Janda, Pavel"]
[Black "Bayer, Christian"]
[Result "1-0"]
[WhiteElo "2008"]
[BlackElo "2148"]
[PlyCount "106"]
[EventDate "2006.10.15"]
[EventType "team"]
[EventRounds "9"]
[EventCountry "GER"]
[SourceTitle "EXT 2008"]
[Source "ChessBase"]
[SourceDate "2007.11.25"]
[SourceVersion "1"]
[SourceVersionDate "2007.11.25"]
[SourceQuality "1"]
[WhiteTeam "Kulmbach"]
[BlackTeam "Regensburg Fortuna II"]
[WhiteTeamCountry "GER"]
[BlackTeamCountry "GER"]

1. e4 d6 2. d4 Nf6 3. Nc3 g6 4. f4 Bg7 5. Nf3 0-0 6. Bd3 Na6 7. 0-0 c5 8. e5 Nh5 9. d5 Nc7 10. Bc4 Rb8 11. a4 b6 12. h3 Ng3 13. Re1 a6 14. Kh2 Nf5 15. g4 Nh6 16. Qd3 Kh8 17. Bd2 Bb7 18. Rad1 b5 19. axb5 axb5 20. Nxb5 Nxb5 21. Bxb5 Bxd5 22. Qxd5 Rxb5 23. Bc3 Ng8 24. Ng5 e6 25. Qxd6 Qxd6 26. Rxd6 h6 27. Ne4 Ne7 28. b3 g5 29. Rd7 Ng6 30. Nd6 Rbb8 31. f5 exf5 32. gxf5 Nh4 33. f6 Bxf6 34. exf6 Nf3+ 35. Kg3 Nxe1 36. Bxe1 Kh7 37. Bc3 Kg6 38. Rc7 Rbd8 39. Be5 Ra8 40. Rxc5 Ra6 41. b4 Rd8 42. b5 Raxd6 43. Bxd6 Rxd6 44. Rc6 Rd5 45. c4 Rd3+ 46. Kg2 Kf5 47. b6 Kf4 48. Rc5 Rd2+ 49. Kf1 Ke3 50. Re5+ Kf4 51. b7 Rd8 52. Re7 Kf3 53. c5 h5 1-0

[Event "Landesliga Nord 0607"]
[Site "Bayern"]
[Date "2006.10.29"]
[Round "2.3"]
[White "Sargin, Anatol"]
[Black "Bayer, Christian"]
[Result "0-1"]
[WhiteElo "2153"]
[BlackElo "2148"]
[PlyCount "112"]
[EventDate "2006.10.15"]
[EventType "team"]
[EventRounds "9"]
[EventCountry "GER"]
[SourceTitle "EXT 2008"]
[Source "ChessBase"]
[SourceDate "2007.11.25"]
[SourceVersion "1"]
[SourceVersionDate "2007.11.25"]
[SourceQuality "1"]
[WhiteTeam "Nuernberg NT II"]
[BlackTeam "Regensburg Fortuna II"]
[WhiteTeamCountry "GER"]
[BlackTeamCountry "GER"]

1. e4 d6 2. d4 Nf6 3. Nc3 g6 4. Nf3 Bg7 5. Bf4 0-0 6. Be2 c5 7. dxc5 Qa5 8. 0-0 Qxc5 9. Qd2 Re8 10. Rad1 Bg4 11. h3 Bxf3 12. Bxf3 Nc6 13. Rfe1 Ne5 14. Be2 Rac8 15. Qd4 Nfd7 16. Bb5 Nf3+ 17. gxf3 Bxd4 18. Rxd4 Red8 19. Rc4 Qxc4 20. Bxc4 Rxc4 21. Nd5 Ne5 22. Kg2 Rxc2 23. Nxe7+ Kg7 24. Rd1 f6 25. Bc1 Kf7 26. Nd5 Rdc8 27. Be3 b6 28. Bd4 Nc4 29. b3 Ne5 30. Nb4 Rc1 31. Rd2 a5 32. Nd5 R8c2 33. Rxc2 Rxc2 34. Bxb6 Rxa2 35. Nc3 Ra3 36. Ne2 Nc6 37. Nc1 Ra1 38. Be3 Rb1 39. f4 Ke6 40. Kf3 d5 41. exd5+ Kxd5 42. Ke2 Nd4+ 43. Kd3 Nxb3 44. Ne2 Nc5+ 45. Kc2 Rh1 46. Nc3+ Kc4 47. Ne2 Rxh3 48. Ng3 f5 49. Ne2 h5 50. Nd4 h4 51. Nc6 Rxe3 52. fxe3 Kd5 53. Ne5 Ke4 54. Kd2 h3 55. Ke2 h2 56. Nd7 Nxd7 0-1

[Event "Landesliga Nord 0607"]
[Site "Bayern"]
[Date "2006.10.15"]
[Round "1.3"]
[White "Bayer, Christian"]
[Black "Wutz, Christoph"]
[Result "0-1"]
[WhiteElo "2148"]
[BlackElo "2047"]
[PlyCount "78"]
[EventDate "2006.10.15"]
[EventType "team"]
[EventRounds "9"]
[EventCountry "GER"]
[SourceTitle "EXT 2008"]
[Source "ChessBase"]
[SourceDate "2007.11.25"]
[SourceVersion "1"]
[SourceVersionDate "2007.11.25"]
[SourceQuality "1"]
[WhiteTeam "Regensburg Fortuna II"]
[BlackTeam "Neutraubling"]
[WhiteTeamCountry "GER"]
[BlackTeamCountry "GER"]

1. d4 d5 2. Nf3 c6 3. c4 Nf6 4. Nc3 dxc4 5. e4 b5 6. e5 Nd5 7. a4 e6 8. axb5 Nxc3 9. bxc3 cxb5 10. Ng5 Bb7 11. Qh5 g6 12. Qg4 Be7 13. h4 h5 14. Qg3 Bd5 15. Be2 a5 16. Bf3 Nc6 17. Ne4 b4 18. Bg5 Bxe4 19. Bxe4 Ra6 20. Qf3 Nb8 21. Bb7 Ra7 22. d5 Bxg5 23. hxg5 Rxb7 24. dxe6 Rc7 25. Rxa5 Qxg5 26. 0-0 0-0 27. exf7+ Rcxf7 28. Qd5 bxc3 29. Qxc4 Qd2 30. Ra7 Kg7 31. Rxf7+ Rxf7 32. e6 Re7 33. Qc5 Rxe6 34. g3 Nd7 35. Qc7 c2 36. Kg2 Kh6 37. Qc8 Kg7 38. Ra1 Rf6 39. Rf1 c1Q 0-1

[Event "Landesliga Nord 0506"]
[Site "Bayern"]
[Date "2005.11.27"]
[Round "3.5"]
[White "Schmahl, Stephan"]
[Black "Bayer, Christian"]
[Result "1/2-1/2"]
[WhiteElo "2114"]
[BlackElo "2145"]
[PlyCount "48"]
[EventDate "2005.10.23"]
[EventType "team"]
[EventRounds "9"]
[EventCountry "GER"]
[SourceTitle "EXT 2007"]
[Source "ChessBase"]
[SourceDate "2006.11.23"]
[SourceVersion "1"]
[SourceVersionDate "2006.11.23"]
[SourceQuality "1"]

1. d4 d5 2. c4 e6 3. g3 c6 4. Bg2 Nf6 5. Nf3 Be7 6. 0-0 0-0 7. Nc3 Nbd7 8. cxd5 exd5 9. Bf4 Re8 10. Qc2 Nf8 11. Rfe1 Bg4 12. Rad1 Ne6 13. Bc1 g6 14. Ng5 Bf5 15. Qb3 Qb6 16. Qxb6 axb6 17. Nxe6 Bxe6 18. a3 Bf5 19. Bg5 Kg7 20. e3 b5 21. f3 b4 22. axb4 Bxb4 23. e4 Be6 24. Ra1 Nd7 1/2-1/2

[Event "Landesliga Nord 0506"]
[Site "Bayern"]
[Date "2005.10.23"]
[Round "1.5"]
[White "Gradl, Winfried"]
[Black "Bayer, Christian"]
[Result "1-0"]
[WhiteElo "1968"]
[BlackElo "2145"]
[PlyCount "93"]
[EventDate "2005.10.23"]
[EventType "team"]
[EventRounds "9"]
[EventCountry "GER"]
[SourceTitle "EXT 2007"]
[Source "ChessBase"]
[SourceDate "2006.11.23"]
[SourceVersion "1"]
[SourceVersionDate "2006.11.23"]
[SourceQuality "1"]

1. d4 d5 2. c4 e6 3. cxd5 exd5 4. Nc3 c6 5. Qc2 f5 6. Nf3 Bd6 7. Bg5 Be7 8. Bxe7 Qxe7 9. Nxd5 Qd6 10. Nc3 Nf6 11. e3 0-0 12. Bd3 Na6 13. Bxf5 Nb4 14. Qb3+ Kh8 15. Bxc8 Nd3+ 16. Ke2 Raxc8 17. Kxd3 c5 18. Ke2 cxd4 19. Nxd4 Ng4 20. f3 Rfe8 21. Ne4 Qg6 22. Rac1 Rcd8 23. h3 Nf6 24. Kf2 Rxe4 25. fxe4 Nxe4+ 26. Kg1 Qg3 27. Rf1 Nd2 28. Qd3 Nxf1 29. Kxf1 Rc8 30. Ne2 Rf8+ 31. Kg1 Qe5 32. Qd4 Qa5 33. Kh2 Qc7+ 34. Nf4 Rd8 35. Qc3 Qd6 36. Rc1 Re8 37. Qc7 Qd2 38. Nh5 Qxb2 39. Qc3 Qxc3 40. Rxc3 g6 41. Nf4 Re7 42. Kg3 g5 43. Nd5 Re5 44. Rd3 Kg7 45. Kf3 Kg6 46. e4 b6 47. Ra3 1-0

[Event "Landesliga Nord 0405"]
[Site "Bayern"]
[Date "2005.02.13"]
[Round "7.4"]
[White "Schmahl, Stephan"]
[Black "Bayer, Christian"]
[Result "1/2-1/2"]
[WhiteElo "2066"]
[BlackElo "2140"]
[PlyCount "58"]
[EventDate "2004.10.24"]
[EventType "team-tourn"]
[EventRounds "9"]
[EventCountry "GER"]
[SourceTitle "EXT 2008"]
[Source "ChessBase"]
[SourceDate "2007.11.25"]
[SourceVersion "1"]
[SourceVersionDate "2007.11.25"]
[SourceQuality "1"]
[WhiteTeam "Neutraubling"]
[BlackTeam "Regensburg Fortuna II"]
[WhiteTeamCountry "GER"]
[BlackTeamCountry "GER"]

1. d4 d5 2. c4 e6 3. Nc3 f5 4. g3 Nf6 5. Bg2 c6 6. Nf3 Bd6 7. 0-0 0-0 8. Bf4 Bxf4 9. gxf4 Ne4 10. e3 Kh8 11. Nxe4 fxe4 12. Ne5 Nd7 13. f3 exf3 14. Rxf3 Nf6 15. Rh3 Kg8 16. Qc2 Bd7 17. Kh1 Be8 18. Bf3 Rc8 19. Rg1 Rc7 20. c5 Bf7 21. Be2 Qe8 22. Bd3 Bh5 23. Rg5 g6 24. Rhg3 Kh8 25. h3 Rg8 26. Kh2 Rcg7 27. Rg1 Qe7 28. R5g3 Nd7 29. Nxd7 Qxd7 1/2-1/2

[Event "Landesliga Nord 0304"]
[Site "Bayern"]
[Date "2003.12.14"]
[Round "4.5"]
[White "Bayer, Christian"]
[Black "Stickler, Roberto"]
[Result "1-0"]
[WhiteElo "2152"]
[BlackElo "2170"]
[PlyCount "63"]
[EventDate "2003.10.??"]
[EventType "team"]
[EventRounds "9"]
[EventCountry "GER"]
[SourceTitle "EXT 2006"]
[Source "ChessBase"]
[SourceDate "2005.11.24"]
[SourceVersion "1"]
[SourceVersionDate "2005.11.24"]
[SourceQuality "1"]
[WhiteTeam "Regensburg Fortuna II"]
[BlackTeam "Dettingen"]
[WhiteTeamCountry "GER"]
[BlackTeamCountry "GER"]

1. d4 d5 2. c4 e6 3. Nf3 Nf6 4. Bg5 Be7 5. e3 0-0 6. Qc2 Nbd7 7. Nc3 c6 8. Rd1 b6 9. cxd5 exd5 10. Bd3 Bb7 11. 0-0 Re8 12. Ne5 h6 13. Bf4 Nxe5 14. dxe5 Nd7 15. Qe2 Bf8 16. Qh5 Qe7 17. e6 fxe6 18. Qg6 Qf6 19. Qh7+ Kf7 20. Ne4 dxe4 21. Be2 Ne5 22. Bh5+ Ng6 23. f3 Red8 24. Rxd8 Rxd8 25. fxe4 Ba6 26. Rf2 Ke7 27. Bd6+ Kxd6 28. Rxf6 gxf6 29. Qxg6 Be7 30. Qxh6 Rg8 31. e5+ fxe5 32. Bf7 1-0

[Event "Regionalliga NO 0203"]
[Site "Bayern"]
[Date "2003.02.09"]
[Round "6.4"]
[White "Erlbeck, Peter"]
[Black "Bayer, Christian"]
[Result "0-1"]
[WhiteElo "2080"]
[BlackElo "2124"]
[PlyCount "80"]
[EventDate "2002.10.20"]
[EventType "team-tourn"]
[EventRounds "9"]
[EventCountry "GER"]
[SourceTitle "EXT 2004"]
[Source "ChessBase"]
[SourceDate "2003.11.25"]
[SourceVersion "1"]
[SourceVersionDate "2003.11.25"]
[SourceQuality "1"]
[WhiteTeam "Nuernberg Sued SW"]
[BlackTeam "Regensburg Fortuna II"]
[WhiteTeamCountry "GER"]
[BlackTeamCountry "GER"]

1. f4 d5 2. Nf3 Nf6 3. d3 c6 4. g3 Bf5 5. Bg2 Qb6 6. c3 e6 7. Qb3 Bc5 8. Qxb6 Bxb6 9. Na3 h6 10. Nc2 c5 11. Be3 Nc6 12. b4 Nd7 13. a3 0-0 14. Nh4 Bh7 15. g4 c4 16. Kd2 cxd3 17. exd3 Bxe3+ 18. Kxe3 Nf6 19. h3 e5 20. f5 e4 21. d4 g5 22. fxg6 fxg6 23. Rhf1 Ne7 24. Kd2 g5 25. Nf5 Bxf5 26. gxf5 Nh5 27. Ne3 Nf4 28. Nxd5 Nexd5 29. Bxe4 Rae8 30. Rae1 b5 31. Bc2 Kf7 32. Re5 Rxe5 33. dxe5 Rc8 34. Rf3 Re8 35. e6+ Kf6 36. a4 a6 37. axb5 axb5 38. Be4 Rd8 39. Kc2 Ne7 40. Rf1 Nxf5 0-1

[Event "Regionalliga NO 0102"]
[Site "Bayern"]
[Date "2002.02.24"]
[Round "6.3"]
[White "Schulze, Harald"]
[Black "Bayer, Christian"]
[Result "1/2-1/2"]
[WhiteElo "2125"]
[BlackElo "2145"]
[PlyCount "60"]
[EventDate "2001.10.07"]
[EventType "team-tourn"]
[EventRounds "9"]
[EventCountry "GER"]
[SourceTitle "EXT 2003"]
[Source "ChessBase"]
[SourceDate "2002.11.25"]
[SourceVersion "1"]
[SourceVersionDate "2002.11.25"]
[SourceQuality "1"]
[WhiteTeam "Nuernberg Sued SW"]
[BlackTeam "Regensburg II"]
[WhiteTeamCountry "GER"]
[BlackTeamCountry "GER"]

1. b4 d5 2. Bb2 Bg4 3. h3 Bh5 4. g4 Bg6 5. Bg2 c6 6. Nf3 Nd7 7. d4 e6 8. a3 Ngf6 9. Nbd2 Ne4 10. c4 h5 11. cxd5 cxd5 12. Ne5 Nxe5 13. dxe5 Nxd2 14. Qa4+ Qd7 15. Qxd7+ Kxd7 16. Kxd2 a5 17. Bc3 axb4 18. axb4 Be7 19. f4 f5 20. g5 Rhc8 21. e3 Be8 22. Bf3 b5 23. Be2 Kc7 24. Kc2 Kb7 25. Rxa8 Rxa8 26. Kb3 Ra4 27. Ra1 Rxa1 28. Bxa1 g6 29. h4 Bc6 30. Bd4 Bd8 1/2-1/2

[Event "Regionalliga NO 0001"]
[Site "Bayern"]
[Date "2001.04.29"]
[Round "9"]
[White "Sinkovics, Peter"]
[Black "Bayer, Christian"]
[Result "1/2-1/2"]
[WhiteElo "2300"]
[BlackElo "2135"]
[PlyCount "66"]
[EventDate "2000.10.15"]
[EventType "team-tourn"]
[EventRounds "9"]
[EventCountry "GER"]
[SourceTitle "EXT 2020"]
[Source "ChessBase"]
[SourceDate "2019.10.17"]
[SourceVersion "1"]
[SourceVersionDate "2019.10.17"]
[SourceQuality "1"]
[WhiteTeam "Koetzting"]
[BlackTeam "Regensburg Fortuna II"]
[WhiteTeamCountry "GER"]
[BlackTeamCountry "GER"]

1. d4 d5 2. c4 c6 3. e3 Nf6 4. Nc3 e6 5. Bd3 Nbd7 6. f4 dxc4 7. Bxc4 b5 8. Bd3 a6 9. Nf3 c5 10. 0-0 Be7 11. Qe2 Qb6 12. a4 b4 13. a5 Qa7 14. Na4 0-0 15. Bd2 cxd4 16. Nxd4 Bb7 17. Rfc1 Nd5 18. Qf2 Nc5 19. Nxc5 Bxc5 20. Rc4 Rfd8 21. Rac1 Rac8 22. Bxh7+ Kxh7 23. Rxc5 Rxc5 24. Qh4+ Kg6 25. Rxc5 Qxc5 26. Qxd8 Nf6 27. Qb6 Qd5 28. Nf3 b3 29. Qd4 Ne4 30. Ne5+ Kh7 31. Qxd5 Bxd5 32. Bb4 f6 33. Nd3 Bc4 1/2-1/2

[Event "Regionalliga NO 9900"]
[Site "Bayern"]
[Date "2000.??.??"]
[Round "4.2"]
[White "Gietl, Thomas"]
[Black "Bayer, Christian"]
[Result "1-0"]
[WhiteElo "2176"]
[BlackElo "2125"]
[PlyCount "53"]
[EventDate "1999.??.??"]
[EventType "team-tourn"]
[EventRounds "9"]
[EventCountry "GER"]
[SourceTitle "EXT 2020"]
[Source "ChessBase"]
[SourceDate "2019.10.17"]
[SourceVersion "1"]
[SourceVersionDate "2019.10.17"]
[SourceQuality "1"]
[WhiteTeam "Schwabach"]
[BlackTeam "Regensburg Fortuna II"]
[WhiteTeamCountry "GER"]
[BlackTeamCountry "GER"]

1. e4 c6 2. d4 d5 3. e5 Bf5 4. h4 h5 5. c4 e6 6. Nc3 Be7 7. Nf3 dxc4 8. Bxc4 Nd7 9. Ng5 Nb6 10. Be2 Bg6 11. 0-0 Qd7 12. Be3 0-0-0 13. a4 Nh6 14. a5 Nd5 15. Nxd5 cxd5 16. Qb3 Rdf8 17. Bb5 Qd8 18. Ba6 Qd7 19. Bb5 Qd8 20. Rfc1+ Kb8 21. Bc6 b6 22. axb6 Qxb6 23. Qxb6+ axb6 24. Ra8+ Kc7 25. Ra7+ Kd8 26. Rd7+ Ke8 27. Rd6# 1-0

[Event "Oberliga Bayern 9899"]
[Site "Bayern"]
[Date "1999.05.09"]
[Round "8.8"]
[White "Maurer, Jochen"]
[Black "Bayer, Christian"]
[Result "1/2-1/2"]
[WhiteElo "1930"]
[BlackElo "2120"]
[PlyCount "55"]
[EventDate "1998.10.11"]
[EventType "team-tourn"]
[EventRounds "9"]
[EventCountry "GER"]
[SourceTitle "EXT 2020"]
[Source "ChessBase"]
[SourceDate "2019.10.17"]
[SourceVersion "1"]
[SourceVersionDate "2019.10.17"]
[SourceQuality "1"]
[WhiteTeam "Pang/Rosenheim"]
[BlackTeam "Regensburg Fortuna"]
[WhiteTeamCountry "GER"]
[BlackTeamCountry "GER"]

1. e4 c6 2. d4 d5 3. e5 Bf5 4. Nf3 e6 5. Be2 c5 6. Be3 Nd7 7. 0-0 Ne7 8. c3 Nc6 9. Nbd2 Be7 10. Re1 0-0 11. a3 cxd4 12. cxd4 Rc8 13. Rc1 Rc7 14. Nf1 Nb6 15. Ng3 Bg6 16. Qd2 Qd7 17. h4 Rfc8 18. h5 Be4 19. h6 Bg6 20. hxg7 Kxg7 21. Bh6+ Kg8 22. Bg5 Qd8 23. Bxe7 Qxe7 24. Qf4 Na5 25. Rxc7 Rxc7 26. Rc1 Rxc1+ 27. Qxc1 Nac4 28. Bxc4 1/2-1/2

[Event "Regionalliga NO 9798"]
[Site "Bayern"]
[Date "1998.??.??"]
[Round "?.2"]
[White "Bayer, Christian"]
[Black "Roeder, Gerd"]
[Result "1/2-1/2"]
[WhiteElo "2100"]
[BlackElo "2245"]
[PlyCount "89"]
[EventDate "1997.10.??"]
[EventType "team-tourn"]
[EventRounds "9"]
[EventCountry "GER"]
[SourceTitle "EXT 2020"]
[Source "ChessBase"]
[SourceDate "2019.10.17"]
[SourceVersion "1"]
[SourceVersionDate "2019.10.17"]
[SourceQuality "1"]
[WhiteTeam "Regensburg Fortuna II"]
[BlackTeam "Altensittenbach"]
[WhiteTeamCountry "GER"]
[BlackTeamCountry "GER"]

1. d4 d5 2. c4 c6 3. Nf3 Nf6 4. Nc3 dxc4 5. e4 b5 6. e5 Nd5 7. a4 e6 8. axb5 Nxc3 9. bxc3 cxb5 10. Ng5 Bb7 11. Qh5 Qd7 12. Be2 Nc6 13. 0-0 h6 14. d5 hxg5 15. dxc6 Qxc6 16. Qxg5 Qe4 17. Be3 Be7 18. Qg3 Bh4 19. Qxg7 0-0-0 20. Qg4 Qxg4 21. Bxg4 Rhg8 22. Bh3 Rd3 23. g3 a6 24. Rfc1 Bg5 25. Bxg5 Rxg5 26. f4 Rh5 27. Bg4 Rh8 28. Ra2 Rxg3+ 29. hxg3 Rh1+ 30. Kf2 Rxc1 31. f5 Rxc3 32. fxe6 fxe6 33. Bxe6+ Kd8 34. Rd2+ Ke7 35. Bg4 Bc6 36. Rd6 Be8 37. Rxa6 b4 38. Ra7+ Kf8 39. e6 b3 40. e7+ Kg7 41. Ra8 b2 42. Rxe8 Rc2+ 43. Be2 b1Q 44. Rg8+ Kxg8 45. e8Q+ 1/2-1/2

[Event "BL2-Sued 9798"]
[Site "Germany"]
[Date "1998.??.??"]
[Round "?.8"]
[White "Bossert, Christian"]
[Black "Bayer, Christian"]
[Result "1/2-1/2"]
[WhiteElo "2160"]
[BlackElo "2275"]
[PlyCount "85"]
[EventDate "1997.10.??"]
[EventType "team-tourn"]
[EventRounds "9"]
[EventCountry "GER"]
[SourceTitle "EXT 1999"]
[Source "ChessBase"]
[SourceDate "1998.11.16"]
[SourceVersion "1"]
[SourceVersionDate "1998.11.16"]
[SourceQuality "1"]
[WhiteTeam "Baiertal"]
[BlackTeam "Regensburg SVF"]
[WhiteTeamCountry "GER"]
[BlackTeamCountry "GER"]

1. d4 Nf6 2. Nf3 e6 3. Bg5 Be7 4. Nbd2 c5 5. c3 b6 6. e4 d5 7. e5 Nfd7 8. h4 Ba6 9. Bxa6 Nxa6 10. Qe2 Nc7 11. Rh3 Bxg5 12. hxg5 Qe7 13. Qd3 Nf8 14. Kf1 Ng6 15. g3 cxd4 16. cxd4 0-0-0 17. Kg2 h6 18. gxh6 Rxh6 19. Rxh6 gxh6 20. Rh1 Rh8 21. Nh4 Nxh4+ 22. Rxh4 Ne8 23. Rh1 Kb8 24. Qb5 Ng7 25. a4 Nf5 26. Nf3 Qb7 27. Rc1 Rc8 28. Rxc8+ Qxc8 29. a5 Qc2 30. axb6 Ne3+ 31. Kh3 Qf5+ 32. Kh2 Qxf3 33. bxa7+ Kxa7 34. Qa4+ Kb6 35. Qb3+ Kc6 36. Qxe3 Qf5 37. Kg2 h5 38. Qc3+ Kb7 39. Qf3 Qh7 40. Kh3 Kb6 41. Kh4 Qg6 42. Kh3 Ka6 43. Qa3+ 1/2-1/2

[Event "Regionalliga NO 9798"]
[Site "Bayern"]
[Date "1997.??.??"]
[Round "?.2"]
[White "Bayer, Christian"]
[Black "Loos, Roland"]
[Result "1/2-1/2"]
[WhiteElo "2100"]
[BlackElo "2155"]
[PlyCount "65"]
[EventDate "1997.10.??"]
[EventType "team-tourn"]
[EventRounds "9"]
[EventCountry "GER"]
[SourceTitle "EXT 2020"]
[Source "ChessBase"]
[SourceDate "2019.10.17"]
[SourceVersion "1"]
[SourceVersionDate "2019.10.17"]
[SourceQuality "1"]
[WhiteTeam "Regensburg Fortuna II"]
[BlackTeam "Neutraubling"]
[WhiteTeamCountry "GER"]
[BlackTeamCountry "GER"]

1. d4 e6 2. Nf3 f5 3. c4 Nf6 4. Bg5 Be7 5. e3 0-0 6. Bd3 d5 7. 0-0 c6 8. Qc2 Bd7 9. Nc3 h6 10. Bh4 g5 11. Bg3 Ne4 12. Bxb8 Rxb8 13. Ne5 Bd6 14. f4 gxf4 15. exf4 Bxe5 16. dxe5 Qb6+ 17. Kh1 Nxc3 18. bxc3 Qc5 19. Qe2 Rf7 20. Rf3 Rg7 21. Rh3 Rg6 22. Rb1 b5 23. cxd5 cxd5 24. a4 b4 25. Bc2 Bc6 26. Rxb4 Rxb4 27. cxb4 Qxb4 28. Rg3 Rxg3 29. hxg3 Bxa4 30. Qa6 Bxc2 31. Qxe6+ Kg7 32. Qf6+ Kg8 33. Qe6+ 1/2-1/2

[Event "Regionalliga NO 9697"]
[Site "Bayern"]
[Date "1997.??.??"]
[Round "?"]
[White "Bayer, Christian"]
[Black "Rausch, Wolfgang"]
[Result "1-0"]
[WhiteElo "2275"]
[BlackElo "2125"]
[PlyCount "109"]
[EventDate "1996.10.??"]
[EventType "team-tourn"]
[EventRounds "9"]
[EventCountry "GER"]
[SourceTitle "EXT 1999"]
[Source "ChessBase"]
[SourceDate "1998.11.16"]
[SourceVersion "1"]
[SourceVersionDate "1998.11.16"]
[SourceQuality "1"]
[WhiteTeam "Regensburg Fortuna II"]
[BlackTeam "Nuernberg Noris Tarrasch II"]
[WhiteTeamCountry "GER"]
[BlackTeamCountry "GER"]

1. e4 c5 2. Nf3 a6 3. d4 cxd4 4. Nxd4 e5 5. Nf3 Nf6 6. Bc4 Be7 7. 0-0 Nc6 8. Re1 0-0 9. Nc3 b5 10. Bb3 Bb7 11. Nd5 d6 12. Be3 Nxd5 13. Bxd5 Qc7 14. c4 b4 15. Qd3 Rab8 16. Nd2 Bc8 17. Rec1 Nd8 18. Nb3 Ne6 19. Rc2 Nc5 20. Nxc5 dxc5 21. Rd2 Rb6 22. Rb1 Rg6 23. Kh1 Bg5 24. a3 Bxe3 25. Qxe3 a5 26. axb4 axb4 27. Ra1 Ra6 28. Rdd1 Rd8 29. Rxa6 Bxa6 30. Ra1 Rd6 31. f4 Rf6 32. f5 h6 33. g4 Kf8 34. g5 hxg5 35. Qxg5 Rh6 36. Rg1 f6 37. Qe3 Rh8 38. Ra1 Bc8 39. Ra8 Ke7 40. Qg1 Kd6 41. Qd1 Rd8 42. Qa4 Bd7 43. Qa6+ Ke7 44. Ra7 Qd6 45. Qa4 Kf8 46. Qd1 Be8 47. Qg1 Rd7 48. Ra8 Qb6 49. Qg6 Rd8 50. Rxd8 Qxd8 51. Qh7 Qd6 52. Qh8+ Ke7 53. Qxg7+ Kd8 54. Qh8 Kc7 55. Qxe8 1-0

[Event "Regionalliga NO 9697"]
[Site "Bayern"]
[Date "1996.??.??"]
[Round "?"]
[White "Schmid, Siegfried"]
[Black "Bayer, Christian"]
[Result "1/2-1/2"]
[WhiteElo "2230"]
[BlackElo "2275"]
[PlyCount "85"]
[EventDate "1996.10.??"]
[EventType "team-tourn"]
[EventRounds "9"]
[EventCountry "GER"]
[SourceTitle "EXT 1999"]
[Source "ChessBase"]
[SourceDate "1998.11.16"]
[SourceVersion "1"]
[SourceVersionDate "1998.11.16"]
[SourceQuality "1"]
[WhiteTeam "Postbauer"]
[BlackTeam "Regensburg Fortuna II"]
[WhiteTeamCountry "GER"]
[BlackTeamCountry "GER"]

1. d4 f5 2. Nf3 e6 3. g3 Nf6 4. Bg2 d5 5. c4 c6 6. b3 Bd6 7. 0-0 Qe7 8. Ne5 0-0 9. Nc3 Bd7 10. Bf4 Be8 11. Qd2 Nbd7 12. Nxd7 Qxd7 13. f3 Rd8 14. c5 Bxf4 15. Qxf4 Bg6 16. b4 Qe7 17. Rad1 Rde8 18. Rfe1 e5 19. Qxe5 Qxe5 20. dxe5 Rxe5 21. Kf2 Re7 22. e3 Rfe8 23. Bf1 Nd7 24. h3 Ne5 25. Rd4 Bh5 26. Be2 Nf7 27. Nd1 Kh8 28. Rf4 Ng5 29. Bf1 Bg6 30. Rd4 h6 31. h4 Nf7 32. f4 Bh5 33. Nc3 Nd8 34. Rd2 Ne6 35. Bd3 Bg4 36. Be2 Bxe2 37. Nxe2 Kh7 38. Ng1 Nf8 39. Nf3 Nd7 40. Nd4 g6 41. Kf3 Nf6 42. Rb2 Re4 43. Ree2 1/2-1/2